| 000 | 02954nam a2200397 a 4500 | ||
|---|---|---|---|
| 001 | 000047537 | ||
| 003 | DO-SdBPM | ||
| 005 | 20260128115126.0 | ||
| 007 | ta | ||
| 008 | 180626s2000 dr ac 000 0 spa d | ||
| 020 | _a8489953260 | ||
| 040 |
_aDO-SdBPM _bspa _cBPMSU _drda |
||
| 082 | 4 |
_a709.03 _bS612p 2000 _222 |
|
| 111 | 2 |
_aSimposio Regional Incidencias de la"Cultura Precolombina en el Arte Caribeño contemporáneo" _n(1: _d1998 : 15-17 enero _cSanto Domingo, República Dominicana) _4 |
|
| 245 | 0 | 0 |
_aPresencia de la cultura precolombina en el arte caribeño contemporáneo / _beditora Mildred Canahuate |
| 250 | _a2a. ed. | ||
| 260 | _c | ||
| 264 |
_aSanto Domingo : _bBanco Central de la República Dominicana ; _bFundación de Arte Arawak,, _c208 |
||
| 300 |
_a80 páginas : _bilustraciones., retratos. ; _c29 cm. |
||
| 336 |
_atexto _btxt _2rdacontent |
||
| 337 |
_asin mediación _bn _2rdamedia |
||
| 338 |
_avolumen _bnc _2rdacarrier |
||
| 490 | 0 |
_aBanco Central de la República Dominicana ; cil. Arawat de investigaciones Antropológicas, _v1 |
|
| 500 | _aTextos conferencias presentadas en ocasión del Primer Simposio Regional "Incidencias de la cultura precolombina en arte caribeño contemporáneo" | ||
| 500 | _aTexto a dos columnas | ||
| 500 | _aIncluye referencias bibliográficas y notas al pie de las páginas | ||
| 505 | 0 | _aPresentación / Fernando Morbán Laucer, 11.-- Presentación / Mildred Canahuate, 13.-- Arte y estados de alteración de conciencia: una visión antropológica / Mario Consens, 15.-- El indigenismo y las artes plásticas dominicanas / Manuel García Arévalo, 17.-- Eros, Thanatos y tainismo en el arte dominicano contemporáneo / Laura Gil Fiallo, 27.-- El chamán y los cemíes: arte vivo / Abelardo Jiménez L., 29.-- La presentación faunística precolombina y su influencia en la plástica contemporánea / Fernando Morbán Laucer, 35.-- Siguiendo las huellas de los arahucanos / Harold Olsen y Fernando Morbán, 39.-- La evolución del arte contemporánea dominicano: una visión antropológica / Luis Alejandro Peguero Guzmán, 53.-- Lo erótico como expresión en el arte taíno / Abil Peralta Agüero, 59.-- La cerámica indigenista de Daniel Silva Pagán / Sebastián Robiou Lamarche, 61.-- Exhibición colectiva de pinturas y esculturas. Presencia de la cultura precolombina en el arte caribeño contemporáneo / Abil Peralta Agüero, 69.-- Apéndice I. Datos biográficos artistas participantes, 73.-- Apéndice II. Notas biográficas de los autores, 77. | |
| 590 | _aInventariado, 2026/VM | ||
| 650 | 7 |
_a Arte moderno -- _ySiglo XX _vCongresos, conferencias, etc |
|
| 650 | 7 |
_aArte precolombino _vCongresos, conferencias, etc _y |
|
| 650 | 7 |
_aCulturas indígenas _vCongresos, conferencias, etc. |
|
| 700 | 1 |
_aCanahuate, Mildres _4editora |
|
| 710 | 2 | _aBanco Central de la República Dominicana | |
| 910 | _aVMateo V. Control de calidad. BPMSU | ||
| 942 |
_2ddc _cBK |
||
| 999 |
_c15636 _d15636 |
||